Państwa wchodzące w skład III Cesarstwa Francuskiego - Statystyki

Ogólne statystyki
  • Ten quiz został rozwiązany 19 razy
  • Średni wynik to 11 z 15
Odpowiedzi na mapie
Odpowiedzi zakodowano w zielono-czerwonej skali na mapie do tego quizu, zgodnie z poniższymi procentami.
 
Statystyki odpowiedzi
Kraje % Poprawnych
Belgia
94%
Francja
94%
Hiszpania
94%
Holandia
94%
Włochy
94%
Luksemburg
81%
Niemcy
81%
Polska
81%
Rosja
81%
Litwa
69%
Portugalia
63%
Słowenia
63%
Chorwacja
56%
Stany Zjednoczone
6%
Egipt
0%
Nie znaleziono quizów pasujących do podanych kryteriów
Rozkład punktacji
Procent ludzi z każdym wynikiem
Percentyl według liczby udzielonych odpowiedzi
Twoja historia wyników
Nie rozwiązałeś tego quizu